000 00578nam a22001697a 4500
003 OSt
005 20260305163305.0
008 260305b |||||||| |||| 00| 0 eng d
040 _cMRSPTU
041 _aEnglish
100 _aBhawna Rani, Supervisor: Savina Bansal
245 _aComparative Evaluation of Wavelet Filters in Image Compression using Objective Quality Measures
260 _bDepartment of ECE, MRSPTU, Bathinda
_c2008
650 _aElectronics & Communication Engineering
856 _uhttp://163.47.215.52:8080/jspui/handle/123456789/1147
942 _2ddc
_cTH
_n0
999 _c11077
_d11077